Utopía y los límites del conocimiento posible /

Guardat en:
Dades bibliogràfiques
Autor principal: Echeverría, Rafael
Format: Text
Matèries:
Etiquetes: Afegir etiqueta
Sense etiquetes, Sigues el primer a etiquetar aquest registre!

MARC

LEADER 00000 a a2200000 04500
001 44688
003
040
100 |a Echeverría, Rafael  
245 |a Utopía y los límites del conocimiento posible /  |c Rafael Echeverría  
650 |a SOCIALISMO  
650 |a RACIONALISMO  
650 |a NEOLIBERALISMO  
650 |a RAZON  
773 |g páginas 57-64  
999 |c 39477  |d 39477